| 000 -LEADER |
| fixed length control field |
01054 a2200241 4500 |
| 020 ## - INTERNATIONAL STANDARD BOOK NUMBER |
| International Standard Book Number |
038723697X |
| 040 ## - CATALOGING SOURCE |
| Original cataloging agency |
DLC |
| Language of cataloging |
DLC |
| 082 00 - DEWEY DECIMAL CLASSIFICATION NUMBER |
| Classification number |
621.382/1 |
| 100 1# - MAIN ENTRY--PERSONAL NAME |
| Personal name |
Comaniciu, Cristina. |
| 245 10 - TITLE STATEMENT |
| Title |
Wireless networks: multiuser detection in cross-layer design |
| Remainder of title |
multiuser detection in cross-layer design |
| Statement of responsibility, etc. |
Cristina Comaniciu, Narayan B. Mandayam, H. Vincent Poor. |
| 260 ## - PUBLICATION, DISTRIBUTION, ETC. |
| Place of publication, distribution, etc. |
New York : |
| Name of publisher, distributor, etc. |
Springer, |
| Date of publication, distribution, etc. |
2005. |
| 300 ## - PHYSICAL DESCRIPTION |
| Extent |
xvii, 202 p. : |
| Other physical details |
ill. ; |
| Dimensions |
23 cm. |
| 440 #0 - SERIES STATEMENT/ADDED ENTRY--TITLE |
| Title |
Information technology--transmission, processing, and storage |
| 650 #0 - SUBJECT ADDED ENTRY--TOPICAL TERM |
| Topical term or geographic name entry element |
Multiuser detection (Telecommunication) |
| 650 #0 - SUBJECT ADDED ENTRY--TOPICAL TERM |
| Topical term or geographic name entry element |
Wireless communication systems |
| General subdivision |
Security measures. |
| 650 #0 - SUBJECT ADDED ENTRY--TOPICAL TERM |
| Topical term or geographic name entry element |
Computer networks |
| General subdivision |
Security measures. |
| 650 #0 - SUBJECT ADDED ENTRY--TOPICAL TERM |
| Topical term or geographic name entry element |
Demodulation (Electronics) |
| 700 1# - ADDED ENTRY--PERSONAL NAME |
| Personal name |
Mandayam, Narayan B. |
| 700 1# - ADDED ENTRY--PERSONAL NAME |
| Personal name |
Poor, H. Vincent. |
| 856 42 - ELECTRONIC LOCATION AND ACCESS |
| Materials specified |
Publisher description |
| Uniform Resource Identifier |
<a href="http://www.loc.gov/catdir/enhancements/fy0663/2004062634-d.html">http://www.loc.gov/catdir/enhancements/fy0663/2004062634-d.html</a> |
| 856 42 - ELECTRONIC LOCATION AND ACCESS |
| Materials specified |
Table of contents only |
| Uniform Resource Identifier |
<a href="http://www.loc.gov/catdir/enhancements/fy0823/2004062634-t.html">http://www.loc.gov/catdir/enhancements/fy0823/2004062634-t.html</a> |
| 942 ## - ADDED ENTRY ELEMENTS (KOHA) |
| Koha item type |
Book |
| Call number prefix |
621.3821 COM |
| Source of classification or shelving scheme |
|